La auditoría y el procesamiento electrónico de la información (Registro nro. 23869)

Detalles MARC
000 -LEADER
fixed length control field 00360 a2200109 4500
001 - CONTROL NUMBER
control field ART_9749
005 - DATE AND TIME OF LATEST TRANSACTION
control field 20260410161838.0
008 - FIXED-LENGTH DATA ELEMENTS--GENERAL INFORMATION
fixed length control field 260409a
100 1# - MAIN ENTRY--PERSONAL NAME
Personal name Nardelli, Jorge R.
245 10 - TITLE STATEMENT
Title La auditoría y el procesamiento electrónico de la información
773 0# - HOST ITEM ENTRY
Title Contabilidad y administración
Related parts - Año 6, Nº 69 (mar. 1983)
Record control number REV5485

No hay ítems disponibles.